The fair valuation of variations (Record no. 66421)

MARC details
000 -LEADER
fixed length control field 01625cam a2200253 4500
001 - CONTROL NUMBER
control field ABS63635
008 - FIXED-LENGTH DATA ELEMENTS--GENERAL INFORMATION
fixed length control field 000000n2001 000 0 eng u
035 ## - SYSTEM CONTROL NUMBER
System control number (Sirsi) u111473
100 ## - MAIN ENTRY--PERSONAL NAME
Personal name Button, R.
245 #4 - TITLE STATEMENT
Title The fair valuation of variations
260 ## - PUBLICATION, DISTRIBUTION, ETC.
Date of publication, distribution, etc. 2001
490 ## - SERIES STATEMENT
Series statement CSM (Chartered Surveyor Monthly)
Volume/sequential designation March 2001, 36(1)
520 ## - SUMMARY, ETC.
Summary, etc. Describes the case of "Weldon Plant Ltd v The Commission for New Towns [2000]", the findings of the arbitrator, and the differing view of the Technology and Construction Court, regarding a disagreement over payment for additional work carried out by a contractor. The arbitrator found that the bill rates could not be applied, and that a fair rate should be used. The Technology and Construction Court disagreed with the arbitrator. It held that where the contract calls for work to be valued according to fair rates and prices, these should include: an allowance of profit; a contribution towards the business's fixed costs and overheads. Contends that this case, along with "Henry Boot v Alstom" , reveal the courts' preference for holding parties to the agreement they have made by using bill rates to calculate the pricing of varied or additional work.
590 ## - LOCAL NOTE (RLIN)
Local note ABS
650 ## - SUBJECT ADDED ENTRY--TOPICAL TERM
Topical term or geographic name entry element WELDON PLANT LTD V COMMISSION FOR THE NEW TOWNS
650 ## - SUBJECT ADDED ENTRY--TOPICAL TERM
Topical term or geographic name entry element HENRY BOOT CONSTRUCTION V ALSTOM COMBINED CYCLES
650 ## - SUBJECT ADDED ENTRY--TOPICAL TERM
Topical term or geographic name entry element ADDITIONAL WORKS
650 ## - SUBJECT ADDED ENTRY--TOPICAL TERM
Topical term or geographic name entry element VALUATION OF VARIATIONS
650 ## - SUBJECT ADDED ENTRY--TOPICAL TERM
Topical term or geographic name entry element ICE CONDITIONS OF CONTRACT (SIXTH EDITION)
650 ## - SUBJECT ADDED ENTRY--TOPICAL TERM
Topical term or geographic name entry element BILLS OF QUANTITIES
690 ## - LOCAL SUBJECT ADDED ENTRY--TOPICAL TERM (OCLC, RLIN)
Topical term or geographic name as entry element BUILT ENVIRONMENT-BUILDING CONTRACT FORMS
700 ## - ADDED ENTRY--PERSONAL NAME
Personal name Mills, R.
942 ## - ADDED ENTRY ELEMENTS (KOHA)
Suppress in OPAC 0
Holdings
Withdrawn status Lost status Source of classification or shelving scheme Damaged status Not for loan Home library Current library Shelving location Date acquired Total Checkouts Full call number Barcode Date last seen Copy number Price effective from Koha item type
    Dewey Decimal Classification     London London Journal article 19/03/2001   ABS63635 111473-1001 06/08/2019 1 06/08/2019 Journal article